Lataa...
Crime In Our Society:A Political Perspective
| Päätekijä: | |
|---|---|
| Aineistotyyppi: | Printed Book |
| Kieli: | Undetermined |
| Julkaistu: |
New Delhi:
Vika Publishing House Private Limited,
1983
|
| Aiheet: |
| LEADER | 00519nam a2200157Ia 4500 | ||
|---|---|---|---|
| 008 | 200110s9999||||xx |||||||||||||| ||und|| | ||
| 080 | |a 364 |b VEN-C | ||
| 100 | |a Venugopal Rao | ||
| 245 | 0 | |a Crime In Our Society:A Political Perspective | |
| 260 | |a New Delhi: |b Vika Publishing House Private Limited, |c 1983 | ||
| 300 | |a 151 p. |f HB | ||
| 500 | |a General | ||
| 650 | |a Crime | ||
| 942 | |c BK | ||
| 999 | |c 255150 |d 255150 | ||
| 952 | |0 0 |1 0 |4 0 |6 364_000000000000000_VENC |7 0 |9 271075 |a SOC |b SOC |l 0 |o 364 VEN-C |p SOC4818 |r 2020-01-14 |w 2020-01-14 |y BK | ||